MARC

LEADER 00000nam0a2200000 4500
001 55919
005 20231031052947.0
035 |a (RuTPU)RU\TPU\book\58708 
090 |a 55919 
100 |a 20030923d1983 k y0rusy50 ca 
101 0 |a rus 
102 |a RU 
105 |a a z 001zy 
200 1 |a Фотоэлектрические МДП-приборы  |f В. А. Зуев, В. Г. Попов 
210 |a Москва  |c Радио и связь  |d 1983 
215 |a 160 с.  |c ил. 
320 |a Библиогр.: с. 153-158 
610 1 |a электроника 
610 1 |a фотоэлектрические приборы 
610 1 |a МДП-структуры 
610 1 |a фотопроводимость 
610 1 |a фотодиоды 
610 1 |a МДП-фотоварикапы 
610 1 |a МДП-фототранзисторы 
610 1 |a МДП-элементы фотопамяти 
675 |a 621.383  |v 3 
700 1 |a Зуев  |b В. А.  |g Владимир Алексеевич 
701 1 |a Попов  |b В. Г.  |g Валентин Георгиевич 
801 1 |a RU  |b 63413507  |c 20030923  |g PSBO 
801 2 |a RU  |b 63413507  |c 20030923  |g PSBO 
801 2 |a RU  |b 63413507  |c 20150608  |g PSBO 
942 |c BK